000
00288nam a22001337a 4500
008
170815b xxu||||| |||| 00| 0 eng d
020
_a
9781570399121
041
_a
eng
080
_a
51
100
_a
63
101
_a
MAT
245
_a
EVERYDAY MATHEMATICS
_c
SHARPE.M
942
_2
udc
_c
BK
999
_c
23591
_d
23591